=LDR 00000nam 2200000 4500 =001 INLIS000000000061882 =005 20221227102903 =035 ##$$a 0010-1222000044 =007 ta =008 221227###########################0#ind## =082 ##$$a 899.221 3 =084 ##$$a 899.221 3 Aly u =100 #$$a Alya Sukma Dewi =245 1#$$a Unconditionally /$c Alya Sukma Dewi =260 ##$$a Jakarta :$b Galaxy Media,$c 2020 =300 ##$$a 384 halaman : $b ilustrasi ; $c 21 cm =650 #4$$a Fiksi Indonesia =990 ##$$a 28752875